Software engineering education : the educational needs of the software community /

Bibliographic Details
Corporate Authors: Software Engineering Education Workshop, Carnegie Mellon University. Software Engineering Institute, Wang Institute of Graduate Studies
Other Authors: Gibbs, Norman E. (Norman Edgar), 1941-, Fairley, R. E. (Richard E.), 1937-
Format: Conference Proceeding Book
Language:English
Published: New York : Springer-Verlag, [1987]
Subjects:

MARC

Tag First Indicator Second Indicator Subfields
LEADER 00000cam a2200000 a 4500
001 in00000010946
005 20210626063237.0
008 861112s1987 nyu b 10000 eng
010 |a  86029757  
035 |a (OCoLC)14904652 
035 |9 AAA5612AM 
040 |a DLC  |c DLC  |d m/c  |d TXA  |d UtOrBLW 
049 |a TXAM  |c [A11462212] 
050 0 0 |a QA76.751  |b .S66 1987 
082 0 |a 005.1/07/1173  |2 19 
245 0 0 |a Software engineering education :  |b the educational needs of the software community /  |c edited by Norman E. Gibbs and Richard E. Fairley. 
264 1 |a New York :  |b Springer-Verlag,  |c [1987] 
264 4 |c ©1987 
300 |a xvi, 439 pages ;  |c 25 cm. 
336 |a text  |b txt  |2 rdacontent 
337 |a unmediated  |b n  |2 rdamedia 
338 |a volume  |b nc  |2 rdacarrier 
500 |a Papers presented at the Software Engineering Education Workshop, held at the Carnegie-Mellon University Software Engineering Institute, Feb. 27- 28, 1986, sponsored by Software Engineering Institute and Wang Institute of Graduate Studies. 
504 |a Includes bibliographies. 
650 0 |a Computer software  |x Study and teaching (Higher)  |z United States  |x Congresses. 
700 1 |a Gibbs, Norman E.  |q (Norman Edgar),  |d 1941- 
700 1 |a Fairley, R. E.  |q (Richard E.),  |d 1937- 
711 2 |a Software Engineering Education Workshop  |d (1986 :  |c Carnegie-Mellon University Software Engineering Institute) 
710 2 |a Carnegie Mellon University.  |b Software Engineering Institute. 
710 2 |a Wang Institute of Graduate Studies. 
999 |a MARS 
999 f f |s 3010e0eb-537b-30d7-9c26-d1a8588dedcb  |i 8ee0535b-a1ef-393c-a4f2-a60f7c4e315f  |t 0 
952 f f |p ric  |a Texas A&M University  |b Rellis Campus  |c Joint Library Facility  |d Remote Storage  |t 0  |e QA76.751 .S66 1987  |h Library of Congress classification  |i unmediated -- volume  |m A14811462212 
998 f f |a QA76.751 .S66 1987  |t 0  |l Remote Storage